Religions : (Record no. 599907)

MARC details
000 -LEADER
fixed length control field 00485nam a2200193 a 4500
008 - FIXED-LENGTH DATA ELEMENTS--GENERAL INFORMATION
fixed length control field 251130s2008##################000#0#eng##
020 ## - INTERNATIONAL STANDARD BOOK NUMBER
ISBN 9781405328159
082 04 - DEWEY DECIMAL CLASSIFICATION NUMBER
Classification number 200
Item number WIL
100 1# - MAIN ENTRY--AUTHOR NAME
Personal name Wilkinson, Philip,
245 10 - TITLE STATEMENT
Title Religions :
260 ## - PUBLICATION, DISTRIBUTION, ETC. (IMPRINT)
Name of publisher Dorling Kindersley Ltd,
Year of publication 2008.
300 ## - PHYSICAL DESCRIPTION
Number of Pages 355 pages
650 #0 - SUBJECT ADDED ENTRY--TOPICAL TERM
Topical Term Religion.
942 ## - ADDED ENTRY ELEMENTS (KOHA)
Koha item type English Books
Holdings
Withdrawn status Lost status Damaged status Not for loan Home library Current library Shelving location Date acquired Full call number Accession Number Cost, replacement price Price effective from Koha item type
        Anna Centenary Library Anna Centenary Library 3RD FLOOR, B WING 04.12.2025 200 WIL 415237 1608.00 04.12.2025 Reference

Find us on the map